<?xml version="1.0" encoding="UTF-8"?><?xml-stylesheet type="text/xsl" href="static/style.xsl"?><OAI-PMH xmlns="http://www.openarchives.org/OAI/2.0/" xmlns:xsi="http://www.w3.org/2001/XMLSchema-instance" xsi:schemaLocation="http://www.openarchives.org/OAI/2.0/ http://www.openarchives.org/OAI/2.0/OAI-PMH.xsd"><responseDate>2026-04-14T19:19:56Z</responseDate><request verb="GetRecord" identifier="oai:uvadoc.uva.es:10324/51110" metadataPrefix="marc">https://uvadoc.uva.es/oai/request</request><GetRecord><record><header><identifier>oai:uvadoc.uva.es:10324/51110</identifier><datestamp>2025-03-26T19:45:13Z</datestamp><setSpec>com_10324_7407</setSpec><setSpec>com_10324_5186</setSpec><setSpec>com_10324_29291</setSpec><setSpec>col_10324_51109</setSpec></header><metadata><record xmlns="http://www.loc.gov/MARC21/slim" xmlns:doc="http://www.lyncode.com/xoai" xmlns:xsi="http://www.w3.org/2001/XMLSchema-instance" xmlns:dcterms="http://purl.org/dc/terms/" xsi:schemaLocation="http://www.loc.gov/MARC21/slim http://www.loc.gov/standards/marcxml/schema/MARC21slim.xsd">
<leader>00925njm 22002777a 4500</leader>
<datafield tag="042" ind1=" " ind2=" ">
<subfield code="a">dc</subfield>
</datafield>
<datafield tag="720" ind1=" " ind2=" ">
<subfield code="a">Sáseta Naranjo, Rafael Antonio</subfield>
<subfield code="e">author</subfield>
</datafield>
<datafield tag="260" ind1=" " ind2=" ">
<subfield code="c">2021</subfield>
</datafield>
<datafield tag="520" ind1=" " ind2=" ">
<subfield code="a">El historiador del s.IV Éforo de Cime mantiene muchas similitudes con la escuela peripatética, tanto en sus concepciones geográficas como filosóficas. Diferentes fragmentos nos ponen en relación sus descripciones de pueblos con las llamadas Nómina Barbariká de la escuela de Aristóteles, donde, en paralelo a las politeiai o “constituciones” de ciudades helenas, se describían costumbres de naciones foráneas, en general revestidas de idealización y con una intención moralizante. Tomadas en cuenta estas consideraciones, este artículo analiza determinados testimonios que nos hacen formular la existencia de una politeia para los íberos en Éforo.</subfield>
</datafield>
<datafield tag="024" ind2=" " ind1="8">
<subfield code="a">Hispania Antiqua; Núm. XLV (2021) pags. 1-19</subfield>
</datafield>
<datafield tag="024" ind2=" " ind1="8">
<subfield code="a">2530-6464</subfield>
</datafield>
<datafield tag="024" ind2=" " ind1="8">
<subfield code="a">https://uvadoc.uva.es/handle/10324/51110</subfield>
</datafield>
<datafield tag="024" ind2=" " ind1="8">
<subfield code="a">10.24197/ha.XLV.2021.1-19</subfield>
</datafield>
<datafield tag="024" ind2=" " ind1="8">
<subfield code="a">1</subfield>
</datafield>
<datafield tag="024" ind2=" " ind1="8">
<subfield code="a">XLV</subfield>
</datafield>
<datafield tag="024" ind2=" " ind1="8">
<subfield code="a">19</subfield>
</datafield>
<datafield ind1=" " ind2=" " tag="653">
<subfield code="a">España-Historia</subfield>
</datafield>
<datafield ind1=" " ind2=" " tag="653">
<subfield code="a">Historia antigua</subfield>
</datafield>
<datafield tag="245" ind1="0" ind2="0">
<subfield code="a">¿Una politeia de los íberos en Éforo?</subfield>
</datafield>
</record></metadata></record></GetRecord></OAI-PMH>